00627nam a22001937a 4500003000900000005001700009007000300026008003700029020001800066040002500084082001000109100001900119245004700138250001100185260003600196300002800232500007600260500009700336DO-SdBNP20210922114157.0ta210922b 2019 dr a 00| 0 eng d a9789945169799 aDO-SdBNPbspacBNPHU 4aBNPHU1 aZapete, Marino13aLa crónica irreverente /cMarino Zapete  a2a ed. aSanto Domingo :bBúho,c2019. a447 p. :bil. ;c23 cm. aIncluye datos biográficos del autor en la solapa de la contracubierta aIncluye referencias bibliográficas y notas al pie de las páginas e índice onomástico